| 000 | 00873nam a2200205Ia 4500 | ||
|---|---|---|---|
| 001 | 11472 | ||
| 003 | GE_BSU | ||
| 008 | 181216s||||||||xx |||||||||||||| ||und|| | ||
| 040 | _cGE_BSU | ||
| 100 | _aიაკობაშვილი,ბ. | ||
| 245 | _aსუბტროპიკული კულტურების სელექცია–მეთესლეობა. | ||
| 245 | _bგენეტიკა;სახელმძღვ.სას.სამ. ინ–ტის სტუდენტებისათვის. | ||
| 245 | _cრედ:დ.ნათშვილი. | ||
| 260 | _aთბილისი. | ||
| 260 | _bცოდნა. | ||
| 260 | _c1964. | ||
| 300 | _a249გვ;22სმ. | ||
| 653 | _aსუბტროპიკული კულტურების სელექცია–მეთესლეობა. | ||
| 942 | _cBK | ||
| 999 |
_c44669 _d44669 |
||